| 000 | 01978cab a22001935a 4500 | ||
|---|---|---|---|
| 001 | L137086 | ||
| 008 | 070313e2006 xxk 000 0 eng d | ||
| 035 | _a(Sirsi) u137086 | ||
| 041 | _aeng | ||
| 245 |
_aCubbitt Building and Interiors Ltd v Fleetglade Ltd _h[electronic resource] |
||
| 260 | _c2006 | ||
| 520 | _a[2006] EWHC 3413 (TCC), 21 December 2006. Concerned an adjudication under the JCT adjudication procedure in JCT Standard Form of Building Contract (1998 Edition) and considered both the late service of the referral and the validity of the adjudicator's decision issued a day later than the extended date. Claimant contractors (C) were engaged to carry out the superstructure works at the defendant's (F's) site. Both parties disputed the final certificate, issued by PSP Consultants, and C referred the matter to adjudication. The nominating body, RICS, was slow in securing the appointment of the adjudicator, and F claimed the adjudicator had no jurisdiction. Subsequently, the adjudicator emailed his decision a day after the agreed extended date. F contended the decision was reached out of time and was therefore void and C submitted that the decision was valid. "Held": the adjudicator's decision was enforced. The referral notice was valid and the adjudicator had jurisdiction. In addition, although the adjudicator had no right to delay the completion of his decision in relation to his fees, the adjudicator's decision had been completed in the agreed timescale. | ||
| 650 | 2 | 4 | _aCUBBITT BUILDING AND INTERIORS LTD V FLEETGLADE LTD |
| 650 | 2 | 4 | _aJCT STANDARD FORM OF BUILDING CONTRACT (1998 EDITION) |
| 651 | 4 |
_aEngland and Wales _y1543- |
|
| 690 | _aMANAGEMENT-DISPUTE AVOIDANCE, MANAGEMENT AND RESOLUTION-DISPUTE MANAGEMENT AND RESOLUTION-ALTERNATIVE DISPUTE RESOLUTION-ADJUDICATION | ||
| 856 | 4 | 0 |
_uhttps://www.bailii.org/cgi-bin/markup.cgi?doc=/ew/cases/EWHC/TCC/2006/3413.html _zView the judgment free of charge at www.bailii.org... |
| 942 | _n0 | ||
| 999 |
_c78543 _d78543 |
||